Footballer club quiz 3 - Statistics

General Stats
  • This quiz has been taken 28 times
  • The average score is 12 of 15
Answer Stats
Nation Club Club Club Answer % Correct
Wales Southampton Spurs Real Madrid Bale
100%
Brazil Santos Barcelona PSG Neymar
100%
Argentina Independiente Atlético Madrid Manchester City Aguero
92%
Croatia Dinamo Zagreb Spurs Real Madrid Modric
92%
England Stocksbridge steels Fleetwood Leicester City Vardy
92%
Spain Arsenal Barcelona Chelsea Fabregas
88%
Germany Bayern Munich Man United Chicago Fire Schweinsteiger
88%
Japan Cerezo Osaka Man united Borussia Dortmund (2) Kagawa
85%
Italy Parma Juventus PSG Buffon
81%
France Caen Leicester City Chelsea Kante
81%
England Newcastle Man city Liverpool Milner
81%
Croatia Schalke 04 Sevilla Barcelona Rakitic
81%
Brazil Figueirense Hoffenheim Liverpool Firmino
77%
Denmark Brondby Man United Manchester City Schmeichel
62%
Wales Leeds Newcastle Bolton Speed
27%
No matching quizzes found
Score Distribution
Percent of People with Each Score
Percentile by Number Answered
Your Score History
You have not taken this quiz